000 00407nam a2200109Ia 4500
008 200928s9999 xx 000 0 und d
020 _a978-621-406-169-3
245 _cEditor: Jaime Gutierrez-Ang.--
_aUnderstanding the self :
_bA Text manual for the 21st century Filipino student /
260 _aManila :
_bMindshapers Co., In.
_c2018
300 _aviii , 176 pages :
_billustrations ;
_c25 cm.
650 _aSelf.
999 _c364528
_d364528